Abstract algebra
Shranjeno v:
| Main Authors: | , |
|---|---|
| Format: | Knjiga |
| Jezik: | angleščina |
| Izdano: |
New York, USA
John Wiley
2004
|
| Izdaja: | Third edition |
| Teme: | |
| Online dostop: | Disponible Online |
| Oznake: |
Označite
Brez oznak, prvi označite!
|
MARC
| LEADER | 00000nam a2200000 a 4500 | ||
|---|---|---|---|
| 001 | UCK2246 | ||
| 003 | CL-VaPUC | ||
| 005 | 20230620074802.0 | ||
| 008 | 041229e20040000us |||||||||||||||||eng|d | ||
| 999 | |c 311835 |d 311833 | ||
| 020 | |a 0471433349 | ||
| 040 | |c Pontificia Universidad Católica de Valparaíso | ||
| 082 | 0 | 4 | |a 512.02 DUM 2004 |2 21 |
| 100 | 0 | |a Dummit, David S |e author |9 490048 | |
| 245 | 1 | 0 | |a Abstract algebra |
| 250 | |a Third edition | ||
| 260 | |a New York, USA |b John Wiley |c 2004 | ||
| 300 | |a 932 páginas | ||
| 583 | |k Rodrigo Vera |c 20210503 | ||
| 650 | 0 | |a Álgebra abstracta |9 260081 | |
| 650 | 0 | |a Teoría de grupos |9 270028 | |
| 650 | 0 | |a Módulos |2 CL-VaPUC |9 356144 | |
| 700 | 0 | |a Foote, Richard M |e author |9 490049 | |
| 856 | |u http://bibliografiadigital.pucv.cl.pucv.idm.oclc.org/index.php/bibliotecapucv/catalog/book/381 |y Disponible Online | ||
| 942 | |c BK |2 ddc | ||
| 945 | |d 20041229 00:00:00 |a vberengu | ||
| 952 | |0 0 |1 0 |2 ddc |4 0 |6 512_020000000000000_DUM_2004 |7 0 |8 A |9 381502 |a BIBMAT |b BIBMAT |d 2019-11-21 |i 4090721 |l 4 |o 512.02 DUM 2004 |p 4090721 |r 2025-04-11 |s 2025-04-11 |w 2019-11-21 |y BK |k MAT | ||
| 952 | |0 0 |1 0 |2 ddc |4 0 |6 512_020000000000000_DUM_2004 |7 0 |8 A |9 381503 |a BIBMAT |b BIBMAT |d 2019-11-21 |i 4113802 |l 3 |o 512.02 DUM 2004 |p 4113802 |r 2025-01-07 |s 2023-04-18 |w 2019-11-21 |y BK |k MAT | ||
| 952 | |0 0 |1 0 |2 ddc |4 0 |6 512_020000000000000_DUM_2004 |7 0 |8 A |9 381504 |a BIBMAT |b BIBMAT |d 2019-11-21 |i 4120752 |l 4 |m 3 |o 512.02 DUM 2004 |p 4120752 |r 2025-04-11 |s 2025-03-28 |w 2019-11-21 |y BK |k MAT | ||
| 952 | |0 0 |1 0 |2 ddc |4 0 |6 512_020000000000000_DUM_2004 |7 0 |8 A |9 381505 |a BIBMAT |b BIBMAT |d 2019-11-21 |i 4136683 |l 5 |m 1 |o 512.02 DUM 2004 |p 4136683 |r 2025-04-29 |s 2025-04-28 |w 2019-11-21 |y BK |k MAT | ||
| 952 | |0 0 |1 0 |2 ddc |4 0 |6 512_020000000000000_DUM_2004 |7 0 |8 A |9 381506 |a BIBMAT |b BIBMAT |d 2019-11-21 |i 4136691 |l 1 |m 2 |o 512.02 DUM 2004 |p 4136691 |r 2025-01-07 |s 2024-10-23 |w 2019-11-21 |y BK |k MAT | ||
| 952 | |0 0 |1 0 |2 ddc |4 0 |6 512_020000000000000_DUM_2004 |7 0 |8 A |9 381507 |a BIBMAT |b BIBMAT |d 2019-11-21 |i 4223152 |l 6 |o 512.02 DUM 2004 |p 4223152 |r 2025-01-07 |s 2024-04-15 |w 2019-11-21 |y BK |k MAT | ||